Etica de la empresa: claves para una nueva cultura empresarial

Salvato in:
Dettagli Bibliografici
Autore principale: Cortina Orts, Adela (Autore)
Natura: Libro
Lingua:spagnolo
Pubblicazione: Madrid Trotta 2005
Edizione:7a. ed
Serie:Colección Estructuras y Procesos. Filosofía
Soggetti:
Tags: Aggiungi Tag
Nessun Tag, puoi essere il primo ad aggiungerne!!

MARC

LEADER 00000nam a2200000 a 4500
001 UCI9865
003 CL-VaPUC
008 081212e20050000SP |||||||||||||||||spa|d
020 |a 8481640131 
082 0 4 |a 174.4  |b COR  |2 21 
100 0 |a Cortina Orts, Adela  |e author  |9 533856 
245 1 0 |a Etica de la empresa: claves para una nueva cultura empresarial 
250 |a 7a. ed 
300 |a 150 p 
942 |c BK 
945 |d 20081212 00:00:00  |a jtorresc 
260 |a Madrid  |b Trotta  |c 2005 
650 0 |a Ética empresarial   |9 428363 
650 0 |a Aspectos morales   |9 256217 
650 0 |a Administración de empresas   |9 260833 
650 0 |a Negocios  |9 262468 
583 |a last modification  |c 20081212 00:00:00  |k Rodrigo Vera 
490 0 |a Colección Estructuras y Procesos. Filosofía 
999 |c 332312  |d 332310 
952 |0 0  |1 0  |4 0  |6 174_400000000000000_COR_2005  |7 0  |8 A  |9 419919  |a BIBEDU  |b BIBEDU  |d 2019-11-22  |i 450559K  |o 174.4 COR 2005  |p 450559K  |r 2019-11-22  |w 2019-11-22  |y BK  |k EBA